00851nam a2200229Ii 45000010005000000030009000050080041000140200015000550400033000700410008001030820020001111100091001312450071002222640029002933000012003223360026003343370028003603380027003889400050004159990017004659520139004824643CO-ViMGA241108s9999||||xx |||||||||||||| ||und|| a9253026162 aCO-ViMGAbspaerdacCO-ViMGA0 aspa04a630.20112 O73si1 aOrganización de las Naciones unidos para la agricultura de la alimentación,95319510aSituación y perspectivas de los productos básicos :b1987-1988 1aRoma, Italia : FAO, 1988 avolumen atextbtxt2rdacontent aunmediatedbn2rdamedia avolumebnc2rdacarrier aidficha_siabuc: 4526. -- ficha_no_siabuc:4643 c49709d49709 001040708001aMEVIGERRbMEVIGERRcGENd2006-11-27o630.20112 O73sipECA3571r2024-11-26 10:01:18tEj.1w2024-11-26yBKz4526 | 6569